Continued warnings of Son Ahman to the leaders of the nations of the Earth

Furkejuvvon:
Bibliográfalaš dieđut
Váldodahkki: Jeffs, Warren S (Dahkki)
Materiálatiipa: Girji
Giella:eaŋgalasgiella
Almmustuhtton: Hildale Fundamentalist Church of Jesus Christ of Latter-day Saints 2011
Fáttát:
Fáddágilkorat: Lasit fáddágilkoriid
Eai fáddágilkorat, Lasit vuosttaš fáddágilkora!

MARC

LEADER 00000nam a2200000 a 4500
001 UCG7209
003 CL-VaPUC
008 110624e20110000us |||||||||||||||||eng|d
020 |a 9781937271008 
082 0 4 |a 289.332  |b JEF  |2 21 
100 |a Jeffs, Warren S  |e author  |9 567404 
245 1 0 |a Continued warnings of Son Ahman to the leaders of the nations of the Earth 
300 |a 163 p 
942 |c BK 
945 |d 20110624 00:00:00  |a dcastane 
260 |a Hildale  |b Fundamentalist Church of Jesus Christ of Latter-day Saints  |c 2011 
600 0 7 |a IGLESIA DE JESUCRISTO DE LOS SANTOS DE LOS ULTIMOS DIAS  |2 CL-VaPUC  |9 557867 
650 7 |a IGLESIA MORMONA  |2 CL-VaPUC  |9 557868 
650 7 |a MORMONES  |2 CL-VaPUC  |9 408070 
650 7 |a IDEOLOGIA Y FE  |2 CL-VaPUC  |9 557869 
650 7 |a IDEOLOGIAS RELIGIOSAS  |2 CL-VaPUC  |9 399823 
583 |a last modification  |c 20171114 11:01:05  |k Rodrigo Vera 
999 |c 345272  |d 345270 
952 |0 0  |1 0  |4 0  |6 289_332000000000000_JEF_2011  |7 0  |8 P  |9 443757  |a BIBEDU  |b BIBEDU  |c BIBEDU_PB  |d 2019-11-22  |i 4784693  |o 289.332 JEF 2011  |p 4784693  |r 2024-01-25  |w 2019-11-22  |y BK  |k FIL 
952 |0 0  |1 0  |4 0  |6 289_332000000000000_JEF_2011  |7 0  |8 A  |9 443758  |a BIBTEO  |b BIBTEO  |d 2019-11-22  |i 4784650  |o 289.332 JEF 2011  |p 4784650  |r 2024-01-18  |w 2019-11-22  |y BK  |k ICR 
952 |0 0  |1 0  |4 0  |6 289_332000000000000_JEF_2011  |7 0  |8 A  |9 443759  |a BIBHIS  |b BIBHIS  |d 2019-11-22  |i 4784626  |o 289.332 JEF 2011  |p 4784626  |r 2025-01-20  |w 2019-11-22  |y BK  |k HIS